Využitie modelov vyjednávania rozdeľovania zisku v dodávateľskom reťazci

Problém vyjednávania, modely vyjednávania, teória hier. Modely vyjednávania rozdeľovania zisku v dodávateľskom reťazci.

Saved in:
Bibliographic Details
Main Author: Brezina, Ivan, 1963-
Other Authors: Pekár, Juraj, 1972-, Čičková, Zuzana, 1978-
Format: Book Chapter
Language:Slovak
Subjects:
Tags: Add Tag
No Tags, Be the first to tag this record!

MARC

LEADER 00000nla a2200000 4500
001 0174578
005 20240716092515.2
041 0 |a slo 
044 |a SK 
245 1 0 |a Využitie modelov vyjednávania rozdeľovania zisku v dodávateľskom reťazci  |c Ivan Brezina, Juraj Pekár, Zuzana Čičková 
520 |a Problém vyjednávania, modely vyjednávania, teória hier. Modely vyjednávania rozdeľovania zisku v dodávateľskom reťazci. 
610 2 0 |a reťazce dodávateľsko-odberateľské 
610 2 0 |a riadenie reťazcov dodávateľských 
610 2 0 |a teória hier 
610 2 0 |a vyjednávanie 
610 2 0 |a modelovanie 
610 2 0 |a optimalizácia 
100 1 |a Brezina, Ivan, 1963- 
700 1 |a Pekár, Juraj, 1972- 
700 1 |a Čičková, Zuzana, 1978-